Online katalóg knižníc regiónu Turca

Niet prístavov II (Record no. 20858)

MARC details
000 -LEADER
fixed length control field 01091nam a2200301 a 4500
001 - CONTROL NUMBER
control field 20858
003 - CONTROL NUMBER IDENTIFIER
control field VRT
005 - DATE AND TIME OF LATEST TRANSACTION
control field 20260206104056.0
008 - FIXED-LENGTH DATA ELEMENTS--GENERAL INFORMATION
fixed length control field 240318s1946 xx 0 und c
035 ## - SYSTEM CONTROL NUMBER
System control number SNK000409322
039 #9 - LEVEL OF BIBLIOGRAPHIC CONTROL AND CODING DETAIL [OBSOLETE]
Level of rules in bibliographic description 202403181750
Level of effort used to assign nonsubject heading access points VLOAD
Level of effort used to assign subject headings 201007061235
Level of effort used to assign classification mkuuk10
Level of effort used to assign subject headings 200910091406
Level of effort used to assign classification mtotk02
Level of effort used to assign subject headings 200808251820
Level of effort used to assign classification mbpksh03
040 ## - CATALOGING SOURCE
Original cataloging agency SNK
Language of cataloging slo
Transcribing agency SNK
Description conventions AACR2
100 1# - MAIN ENTRY--PERSONAL NAME
Personal name Karvaš, Peter,
Dates associated with a name 1920-1999
Relationship aut
245 10 - TITLE STATEMENT
Title Niet prístavov II
Remainder of title novely
Number of part/section of a work kniha druhá
250 ## - EDITION STATEMENT
Edition statement 1. vyd.
260 ## - PUBLICATION, DISTRIBUTION, ETC.
Place of publication, distribution, etc. Turčiansky Sv. Martin
Name of publisher, distributor, etc. Matica slovenská
Date of publication, distribution, etc. 1946
300 ## - PHYSICAL DESCRIPTION
Extent 342 s.
910 ## - USER-OPTION DATA (OCLC)
User-option data bpksh
910 ## - USER-OPTION DATA (OCLC)
User-option data totk
942 ## - ADDED ENTRY ELEMENTS (KOHA)
Source of classification or shelving scheme Dewey Decimal Classification
Koha item type Krásna literatúra pre dospelých
Suppress in OPAC No
949 ## - LOCAL PROCESSING INFORMATION (OCLC)
a snklmMK 4537
949 ## - LOCAL PROCESSING INFORMATION (OCLC)
6 3869A02356
a bpksh885.4-31
b bpksh10750
949 ## - LOCAL PROCESSING INFORMATION (OCLC)
6 3830001021352
a kurukT18/KARV1-24
b kuruk2009/F2397
949 ## - LOCAL PROCESSING INFORMATION (OCLC)
6 17A0383224
9 P60, <04>, [BOOK], {604}
a snkSD 622/110/2 D2
b snkF 5380/63
949 ## - LOCAL PROCESSING INFORMATION (OCLC)
6 17A0383209
9 P60, <04>, [BOOK], {604}
a snkSD 622/112 D2
b snkF 5127/62
949 ## - LOCAL PROCESSING INFORMATION (OCLC)
6 17A0383213
9 P60, <04>, [BOOK], {604}
a snkSD 622/112 D1
b snk623/55
Holdings
Stav vyradenia Strata Poškodenie Spôsob nadobudnutia Domovská knižnica Aktuálna knižnica Dátum nadobudnutia Total checkouts Čiarový kód exemplára Date last seen Typ exemplára
      Dar Obecná knižnica Horná Štubňa Obecná knižnica Horná Štubňa 06.02.2026   4736200988 06.02.2026 Krásna literatúra pre dospelých
Projekt je podporený Slovenskou asociáciou knižníc
Prevádzkuje Turčianska knižnica Martin 2026